Directory of rubber product manufactures and rubber chemical and machinery suppliers in Malaysia 2000 (Record no. 42008)

MARC details
000 -LEADER
fixed length control field 00372nam a2200109Ia 4500
020 ## - INTERNATIONAL STANDARD BOOK NUMBER
ISBN ISSN:15116948
082 ## - DEWEY DECIMAL CLASSIFICATION NUMBER
Classification number NR:058:338.32000
Item number MRB
245 #0 - TITLE STATEMENT
Title Directory of rubber product manufactures and rubber chemical and machinery suppliers in Malaysia 2000
260 ## - PUBLICATION, DISTRIBUTION, ETC. (IMPRINT)
Place of publication Kuala Lumpur
Name of publisher Malaysian Rubber Board
Year of publication 2000
942 ## - ADDED ENTRY ELEMENTS (KOHA)
Koha item type Books
Holdings
Withdrawn status Lost status Damaged status Not for loan Home library Current library Date acquired Cost, normal purchase price Full call number Accession Number Koha item type
        RRII Library RRII Library 16/12/2021 40.00 NR:058:338.32000 MRB 22288 Books